000 00731cam a2200181 i 4500
005 20251117121625.0
008 250721s2003 jo gr 000 0 ara d
082 1 4 _a210.413343
_bع ب د
100 1 _aعبد الله، محمد محمود.
_eمؤلف.
245 1 0 _aعالج نفسك من السحر والحسد ومس الجان /
_cتأليف الدكتور محمد محمود عبدالله مراجعة وتدقيق رضوان حمدان.
250 _aالطبعة الاولى.
264 3 1 _aعمان :
_bدار عالم الثقافة للنشر و التوزيع،
_c2003.
300 _a80 صفحة.
650 1 7 _aالقرآن الكريم.
650 1 7 _aالسحر.
942 _2ddc
_cBK
999 _c33554
_d33554